Vývoj řízení péče o životní prostředí v Československu v letech 1945-1989
Problémy znečisťovania životného prostredia a starostlivosť o životné prostredie v Československu jednotlivých obdobiach hospodárskeho vývoja. Obdobie rokov 1948-1970. Riadenie ochrany životného prostredia v období 1971-1989.
Gespeichert in:
| 1. Verfasser: | |
|---|---|
| Format: | Buchkapitel |
| Sprache: | Tschechisch |
| Schlagworte: | |
| Tags: |
Keine Tags, Fügen Sie das erste Tag hinzu!
|
MARC
| LEADER | 00000naa a2200000 4500 | ||
|---|---|---|---|
| 001 | r023528 | ||
| 005 | 20221205101257.9 | ||
| 041 | 0 | |a cze | |
| 044 | |a CZ | ||
| 245 | 1 | 0 | |a Vývoj řízení péče o životní prostředí v Československu v letech 1945-1989 |c A. Hadrabová |
| 520 | |a Problémy znečisťovania životného prostredia a starostlivosť o životné prostredie v Československu jednotlivých obdobiach hospodárskeho vývoja. Obdobie rokov 1948-1970. Riadenie ochrany životného prostredia v období 1971-1989. | ||
| 610 | 2 | 0 | |a ochrana prostredia životného |
| 610 | 2 | 0 | |a prostredie životné |
| 610 | 2 | 0 | |a ČSR |
| 610 | 2 | 0 | |a ČSSR |
| 610 | 2 | 0 | |a 1948-1970 |
| 610 | 2 | 0 | |a 1971-1989 |
| 610 | 2 | 0 | |a história |
| 610 | 2 | 0 | |a úpravy právne |
| 610 | 2 | 0 | |a zákony |
| 610 | 2 | 0 | |a smernice |
| 610 | 2 | 0 | |a ochrana ovzdušia |
| 610 | 2 | 0 | |a čistota vôd |
| 610 | 2 | 0 | |a financovanie |
| 100 | 1 | |a Hadrabová, Alena | |